Arte de la lengua bicol para la enseñanza de este idioma dispuesto y ordenado / (Record no. 151475)

MARC details
000 -LEADER
campo de control de longitud fija 00743nam a2200181 i 4500
001 - NÚMERO DE CONTROL
campo de control 151475
003 - IDENTIFICADOR DE NÚMERO DE CONTROL
campo de control ES-MaACL
005 - FECHA Y HORA DE LA ÚLTIMA TRANSACCIÓN
campo de control 20260203063033.0
008 - DATOS DE LONGITUD FIJA--INFORMACIÓN GENERAL
campo de control de longitud fija 931025s1879 phl |||| | spa d
100 0# - ENTRADA PRINCIPAL--NOMBRE DE PERSONA
Nombre de persona Andrés de San Agustín,
Títulos y otros términos asociados al nombre (O. de M.)
9 (RLIN) 125670
245 10 - MENCIÓN DEL TÍTULO
Título Arte de la lengua bicol para la enseñanza de este idioma dispuesto y ordenado /
Mención de responsabilidad, etc. por Andres de San Agustín ; dado a luz corregido y adicionado... Manuel Mª Crespo.
260 ## - PUBLICACIÓN, DISTRIBUCIÓN, ETC.
Lugar de publicación, distribución, etc. Manila :
Nombre del editor, distribuidor, etc. [s.n.],
Fecha de publicación, distribución, etc. 1879 (
Fabricante Tip. de Ramirez y Giraudier, a cargo de C. Miralles)
300 ## - DESCRIPCIÓN FÍSICA
Extensión XII, 239 p. ;
Dimensiones 21 cm.
650 #4 - PUNTO DE ACCESO ADICIONAL DE MATERIA--TÉRMINO DE MATERIA
Término de materia o nombre geográfico como elemento de entrada Lengua bicol.
9 (RLIN) 162861
700 1# - ENTRADA AGREGADA--NOMBRE PERSONAL
Nombre de persona Crespo, Manuel María (
Fechas asociadas al nombre 1839-)
9 (RLIN) 126639
852 ## - LOCALIZACIÓN
Ubicación ES-MaACL
Número de control de estantería B-1385
Nota libre - Enc. hol.
Holdings
Estatus retirado Estado de pérdida Estado de daño No para préstamo Colección Biblioteca de origen Biblioteca actual Ubicación en estantería Fecha de adquisición Fuente de adquisición Total de préstamos Signatura topográfica completa Código de barras Visto por última vez Precio de reemplazo Tipo de ítem Koha
        Libros del s. XIX Biblioteca del Ateneo de Madrid Biblioteca del Ateneo de Madrid Sala Pardo Bazán 17/01/2008     B-1385 1158048 23/02/2023 23/02/2023 Libro impreso antiguo